| 000 | 00335nam a2200121Ia 4500 | ||
|---|---|---|---|
| 008 | 240624s9999 xx 000 0 und d | ||
| 041 | _aeng | ||
| 082 | _a658.408 PAR | ||
| 100 | _aPARTHASARATHY SWAMI | ||
| 245 | _aCORPORATE GOVERNANCE PRINCIPLES MECHANIS | ||
| 260 |
_c2007 _aNew Delhi _bBiztantra |
||
| 300 | _axxi, : 414 : p. : cm. ; 26 | ||
| 999 |
_c13324 _d13324 |
||